00633 2200181 4500245003700000020002200037250001100059100001300070700001600083650001700099005001900116260003600135041001400171084000800185300002900193500022000222336000900442 aRomantic CookingcDyah AyuhText a978-602-7975-63-7 aCet. 1 aDyah Ayu aStarin Sani aNovel Remaja a20231004115717 aYogyakartabBentang Beliac2013 aIndonesia a813 avi, 130 hlm. :c20.8 cm. aTuan muda Ok Taecyeon sangat terpesona oleh masakan eommaku, Juru masak keluarga Ok. Lalu, Kata-kata itu terngiang lagi dikepala ku. " Kamu gak berbakat masak jadi juru masak, biasanya hanya ngerecokin dapur saja!". atext